000 00801nam a22002297a 4500
005 20250501142448.0
008 250501b |||||||| |||| 00| 0 eng d
020 _a978-81-19857-61-6 (hbk)
037 _cTB
040 _aAL
_cAL
041 _2Pun
_aPun
084 _aO153,1NHAx R4
_qAL
100 _aਹਰਫ਼, ਜਸਵੀਰ
_9753675
245 _aਕੱਕੀ ਤੋਰ
260 _aਪਟਿਆਲਾ, ਭਾਰਤ:
_bਔਟਉਮੰ ਆਰਟ,
_c2024.
300 _a115ਪ.
365 _b250.00
_cINR
650 _aਪੰਜਾਬੀ ਸਾਹਿਤ
650 _aਪੰਜਾਬੀ ਕਾਵਿ
942 _2CC
_cTB
_hO153,1NHAx R4
_n0
999 _c1309896
_d1309896